| 000 -LEADER |
| fixed length control field |
03669cam a22005897i 4500 |
| 001 - CONTROL NUMBER |
| control field |
17741169 |
| 003 - CONTROL NUMBER IDENTIFIER |
| control field |
NUST |
| 005 - DATE AND TIME OF LATEST TRANSACTION |
| control field |
20180117090030.0 |
| 008 - FIXED-LENGTH DATA ELEMENTS--GENERAL INFORMATION |
| fixed length control field |
130516s2014 caua b 001 0 eng |
| 010 ## - LIBRARY OF CONGRESS CONTROL NUMBER |
| LC control number |
2013940540 |
| 015 ## - NATIONAL BIBLIOGRAPHY NUMBER |
| National bibliography number |
GBB392389 |
| Source |
bnb |
| 016 7# - NATIONAL BIBLIOGRAPHIC AGENCY CONTROL NUMBER |
| Record control number |
016515365 |
| Source |
Uk |
| 020 ## - INTERNATIONAL STANDARD BOOK NUMBER |
| International Standard Book Number |
9780857029065 (paperback) |
| 020 ## - INTERNATIONAL STANDARD BOOK NUMBER |
| International Standard Book Number |
0857029061 (paperback) |
| 020 ## - INTERNATIONAL STANDARD BOOK NUMBER |
| International Standard Book Number |
0857029053 |
| 020 ## - INTERNATIONAL STANDARD BOOK NUMBER |
| International Standard Book Number |
9780857029058 |
| 020 ## - INTERNATIONAL STANDARD BOOK NUMBER |
| Canceled/invalid ISBN |
9781446297155 |
| 035 ## - SYSTEM CONTROL NUMBER |
| System control number |
(OCoLC)ocn871481637 |
| 040 ## - CATALOGING SOURCE |
| Original cataloging agency |
AU@ |
| Language of cataloging |
eng |
| Transcribing agency |
AU@ |
| Description conventions |
rda |
| Modifying agency |
BTCTA |
| -- |
UKMGB |
| -- |
BDX |
| -- |
YDXCP |
| -- |
CDX |
| -- |
OCLCO |
| -- |
YPM |
| -- |
VGM |
| -- |
CUD |
| -- |
MEU |
| -- |
OCLCF |
| -- |
SOI |
| -- |
DLC |
| 042 ## - AUTHENTICATION CODE |
| Authentication code |
lccopycat |
| 050 00 - LIBRARY OF CONGRESS CALL NUMBER |
| Classification number |
BF636.64 |
| Item number |
.C74 2014 |
| 082 04 - DEWEY DECIMAL CLASSIFICATION NUMBER |
| Classification number |
158.3 |
| Edition number |
23 |
| 100 1# - MAIN ENTRY--PERSONAL NAME |
| Personal name |
Creaner, Mary, |
| Relator term |
author. |
| 9 (RLIN) |
4406 |
| 245 10 - TITLE STATEMENT |
| Title |
Getting the best out of supervision in counselling and psychotherapy : |
| Remainder of title |
a guide for the supervisee / |
| Statement of responsibility, etc. |
Mary Creaner. |
| 246 30 - VARYING FORM OF TITLE |
| Title proper/short title |
Supervision in counselling and psychotherapy. |
| 264 #1 - PRODUCTION, PUBLICATION, DISTRIBUTION, MANUFACTURE, AND COPYRIGHT NOTICE |
| Place of production, publication, distribution, manufacture |
Los Angeles ; |
| -- |
London ; |
| -- |
New Delhi ; |
| -- |
Singapore ; |
| -- |
Washington, DC : |
| Name of producer, publisher, distributor, manufacturer |
SAGE, |
| Date of production, publication, distribution, manufacture, or copyright notice |
2014. |
| 264 #4 - PRODUCTION, PUBLICATION, DISTRIBUTION, MANUFACTURE, AND COPYRIGHT NOTICE |
| Date of production, publication, distribution, manufacture, or copyright notice |
©2014. |
| 300 ## - PHYSICAL DESCRIPTION |
| Extent |
xiv, 174 pages : |
| Other physical details |
illustrations ; |
| Dimensions |
24 cm. |
| 336 ## - CONTENT TYPE |
| Content type term |
text |
| Content type code |
txt |
| Source |
rdacontent |
| 337 ## - MEDIA TYPE |
| Media type term |
unmediated |
| Media type code |
n |
| Source |
rdamedia |
| 338 ## - CARRIER TYPE |
| Carrier type term |
volume |
| Carrier type code |
nc |
| Source |
rdacarrier |
| 504 ## - BIBLIOGRAPHY, ETC. NOTE |
| Bibliography, etc. note |
Includes bibliographical references (pages 144-164) and index. |
| 505 0# - FORMATTED CONTENTS NOTE |
| Formatted contents note |
What is the meaning and purpose of supervision? -- The supervisory relationship: a relationship with a purpose -- Supervision across the career lifespan -- The learning landscape: lifelong learning in supervision -- Models and frameworks of supervision -- Forms and formats of supervision -- Beginning the learning relationship -- How to prepare for a supervision session -- Ethical and legal considerations in supervision -- Good and not so good supervision -- Professional considerations in supervision -- Feedback and evaluation in supervision -- Endings in the learning relationship and the opportunities ahead -- Developing the art and science of supervision. |
| 520 ## - SUMMARY, ETC. |
| Summary, etc. |
"Supervision is an essential part of counselling training and ensuring you know exactly how to get the very most out of supervision is important, whatever your level of study. Exploring how to begin, maintain and end a supervisory learning relationship in the context of existing theory and best practice guidelines, the author will introduce your trainees to: Models and forms of supervision ; The skills informing good supervision ; What to expect from supervision ; Key professional issues in supervision. Written in a lively and engaging style, this book will enable both supervisors and supervisees to get the best they can from the supervisory experience." -- cover. |
| 546 ## - LANGUAGE NOTE |
| Language note |
Text in English. |
| 650 #0 - SUBJECT ADDED ENTRY--TOPICAL TERM |
| Topical term or geographic name entry element |
Counseling. |
| 9 (RLIN) |
4000 |
| 650 #0 - SUBJECT ADDED ENTRY--TOPICAL TERM |
| Topical term or geographic name entry element |
Psychotherapy. |
| 9 (RLIN) |
4392 |
| 650 #0 - SUBJECT ADDED ENTRY--TOPICAL TERM |
| Topical term or geographic name entry element |
Supervision. |
| 9 (RLIN) |
4407 |
| 650 #0 - SUBJECT ADDED ENTRY--TOPICAL TERM |
| Topical term or geographic name entry element |
Supervision of employees. |
| 9 (RLIN) |
4408 |
| 650 #0 - SUBJECT ADDED ENTRY--TOPICAL TERM |
| Topical term or geographic name entry element |
Counselors |
| General subdivision |
Supervision of. |
| 9 (RLIN) |
4377 |
| 650 #7 - SUBJECT ADDED ENTRY--TOPICAL TERM |
| Topical term or geographic name entry element |
Counseling. |
| Source of heading or term |
fast |
| Authority record control number or standard number |
(OCoLC)fst00881212 |
| 9 (RLIN) |
4000 |
| 650 #7 - SUBJECT ADDED ENTRY--TOPICAL TERM |
| Topical term or geographic name entry element |
Counselors |
| General subdivision |
Supervision of. |
| Source of heading or term |
fast |
| Authority record control number or standard number |
(OCoLC)fst00881300 |
| 9 (RLIN) |
4377 |
| 650 #7 - SUBJECT ADDED ENTRY--TOPICAL TERM |
| Topical term or geographic name entry element |
Psychotherapy. |
| Source of heading or term |
fast |
| Authority record control number or standard number |
(OCoLC)fst01081755 |
| 9 (RLIN) |
4392 |
| 650 #7 - SUBJECT ADDED ENTRY--TOPICAL TERM |
| Topical term or geographic name entry element |
Supervision. |
| Source of heading or term |
fast |
| Authority record control number or standard number |
(OCoLC)fst01139043 |
| 9 (RLIN) |
4407 |
| 650 #7 - SUBJECT ADDED ENTRY--TOPICAL TERM |
| Topical term or geographic name entry element |
Supervision of employees. |
| Source of heading or term |
fast |
| Authority record control number or standard number |
(OCoLC)fst01139044 |
| 9 (RLIN) |
4408 |
| 650 #7 - SUBJECT ADDED ENTRY--TOPICAL TERM |
| Topical term or geographic name entry element |
Society. |
| Source of heading or term |
ukslc |
| 9 (RLIN) |
4409 |
| 906 ## - LOCAL DATA ELEMENT F, LDF (RLIN) |
| a |
7 |
| b |
cbc |
| c |
copycat |
| d |
2 |
| e |
ncip |
| f |
20 |
| g |
y-gencatlg |
| 942 ## - ADDED ENTRY ELEMENTS (KOHA) |
| Source of classification or shelving scheme |
|
| Koha item type |
Book |